000 00698naa a22002417a 4500
001 BR7602872
003 BR-BrBNA
005 20250714141733.0
007 ta
008 250630b bl.|||m| |||| 00| 0 por d
040 _aBR-BrBNA
_bpor
_cBiblioteca Nacional de Agricultura
041 _a(Pt)
072 _aP05
_b/G514
090 _aP05 BR7602872
100 1 _aAmaral, S.S. do
245 1 _aO uso do gas no Brasil
500 _aEnergia no Brasil Goldemberg, J. (ed.) Sao Paulo, SP (Brasil): 1976. p. 65-72 (BR7602872-AMS)
650 _aRecurso energetico
650 _aGas
490 _aPublicacao ACIESP (Brazil)
_vno. 2
942 _cAMS
_2AGRIS
909 _a202506
_bLúcia
_c55
_dLúcia Elande
999 _c332971
_d332971